| 000 | 00603nam a22001337a 4500 | ||
|---|---|---|---|
| 020 | _a978-0-141-34688-5 | ||
| 082 |
_a823 _bRIO/P |
||
| 100 | _aRIORDAN, RICK | ||
| 245 |
_aPERCY JACKSON _bAND THE LAST OLYMPIAN |
||
| 260 |
_aUNITED KINGDOM _bPUFFIN BOOKS _c2010 |
||
| 520 | _aIn Percy's fifth and final adventure a prophecy suggests that, when he reaches sixteen, the fate of the whole world will rest in his hands. This son of Poseidon and American teenager must battle Kronos, the King of the Titans, before he destroys the world, starting with New York. | ||
| 650 |
_aNOVEL _zUNITED KINGDOM |
||
| 942 | _cBK | ||
| 999 |
_c3876 _d3876 |
||